000 00456nam a2200157Ia 4500
005 20250424120224.0
008 250424s9999 xx 000 0 und d
022 _a09723005
050 _aQR 53 .J68/
245 0 _aAsian journal of microbiology, biotechnology and environmental sciences
260 _aIndia
260 _bGlobal Science Publications
260 _c2011
650 _aMicrobiology--Periodicals. Biotechnology--Periodicals.
942 _cSR
999 _c38084
_d38084